000 01083nam2a22002651 4500
001 RU\NLR\INFOCOMM15\5000232739
005 20250617115059.0
035 _a(NLR Aleph) 002583347
090 _a3295627
_c3295627
100 _a20041020d1970 |||y0rusy50 ca
101 0 _arus
_aeng
102 _aRU
105 _ay ||||000|y
200 1 _aК вопросу о расчете полей, входного сопротивления, токов и напряжений в индукторах линейного индукционного ускорителя
_fП.В. Букаев, В.П. Саранцев
_gОтд. новых методов ускорения
210 _d1970
_aБ. м.
461 0 _1001RU\NLR\INFOCOMM15\1000176112
_12001#$aИздания$fОбъедин. ин-т ядерных исследований$vР9-5129
700 1 _aБукаев
_bП.В.
_4070
701 1 _aСаранцев
_bВ.П.
_4070
801 1 _aRU
_bInfoComm
_c20041129
801 0 _aRU
_bNLR
_gPSBO
852 _aNLR
_jП11/2061
942 _cISSUE
980 _aNB
980 _aRUSPER